00500nam a2200193 a 4500001001300000003000900013005001700022008004100039020000900080082001400089100002100103245005100124260003600175300000800211500003500219505001000254650002100264700002100285nice12345678IN_TiNIC20260116012328.0050524s1981 dela grp 000 0 eng  ac3000a297bKHA6 aKhan, Ehsanullah aRenaissanceb Reformulation of Islamic Thought aDelhibAcademy of Ijtehadc1981 a69p aincludes index and biblioraphy2 aIndex aIslam-Miscellany1 aKhan, Ehsanullah